000 00498nam a22001697a 4500
005 20251108164146.0
008 250721s1998 xx 000 0 ara d
082 1 4 _a218,62/قفه
100 1 _aقفه، حيدر
245 1 0 _aهمسات إلى الصحوة الإسلامية /
250 _aط2.
264 1 _aبيروت :
_bمؤسسة الرسالة للنشر والتوزيع،
_c1998.
300 _a189ص
650 1 7 _aالصحوة الإسلامية
942 _2ddc
_cBK
999 _c5126
_d5126